000 00543nam a2200169Ia 4500
003 GCL
008 140319s9999 xx 000 0 eng d
040 _aGCL /
_cGCL
082 0 4 _a892.7
_bV
100 1 _aACCADEMIA NATIONALE DEI LINCEI
245 1 0 _aCOLLOQUIO SUL : POETA PERSIANO NIZAMI E LE LEGGENDA IRANICA DI ALESSANDRO MAGNO /
_cACCADEMIA NATIONALE DEI LINCEI
260 _a[S.N] :
_bACCADEMIA NAZIONALE DEI LINCEI ،
_c1977
300 _a173 P
650 0 4 _aحوادث المرور
650 0 4 _aPERSIAN LITERATURE
942 _2ddc
_cBK
999 _c12457
_d12457